000 00647cam a22002053a 4500
001 45930
003 PGUSA
005 20140828084054.0
008 140610s2014||||xxu|||||s|||||000 | eng d
040 _aPGUSA
_beng
042 _adc
100 1 _aElliot, G. F. Scott
245 1 4 _aThe Romance of Plant Life :
_bInteresting Descriptions of the Strange and Curious in the Plant World
_h[electronic resource] /
_cG. F. Scott Elliot
260 _bProject Gutenberg,
_c2014
506 _aPublic domain in the USA.
516 _aElectronic text
830 0 _aProject Gutenberg
_v45930
856 4 0 _uhttp://www.gutenberg.org/ebooks/45930
942 _cEB
999 _c275179
_d275179